Good Omens Characters - Statistics

General Stats
  • This quiz has been taken 419 times
  • The average score is 17 of 25
Answer Stats
Character Description % Correct
Crowley An angel who did not so much Fall as Saunter Vaguely Downwards
99%
Aziraphale An Angel, and part-time rare book dealer
96%
ADAM An Antichrist
90%
DEATH An Apocalyptic Horseperson
89%
Pollution An Apocalyptic Horseperson
87%
War An Apocalyptic Horseperson
87%
Dog Satanical hellhound and cat-worrier
84%
Famine An Apocalyptic Horseperson
81%
Beelzebub A Likewise Fallen Angel and Prince of Hell
80%
Anathema Device Practical Occultist and Professional Descendant
74%
Satan A Fallen Angel; the Adversary
73%
Hastur A Fallen Angel and Duke of Hell
70%
Agnes Nutter A Prophetess
69%
Newton Pulsifer Wages Clerk and Witchfinder Private
69%
Metatron The Voice of God
66%
Pepper A Girl
64%
Shadwell Witchfinder Sergeant
58%
Thou-Shalt-Not-Commit-Adultery Pulsifer A Witchfinder
57%
Ligur Likewise a Fallen Angel and Duke of Hell
55%
Madame Tracy Painted Jezebel [mornings only, Thursdays by arrangement] and Medium
52%
Wensleydale A Boy
52%
Brian A Boy
45%
Mr Young A Father
42%
Sister Mary Loquacious A Satanic Nun of the Chattering Order of St Beryl
32%
Mr Tyler A Chairman of a Residents' Association
16%
No matching quizzes found
Score Distribution
Percent of People with Each Score
Percentile by Number Answered
Your Score History
You have not taken this quiz